000 00389nam a22001697a 4500
003 MPLRDC
005 20220104144358.0
008 210129b ||||| |||| 00| 0 eng d
082 _a448.4 CTL
100 _a陈唐梁
245 _a冷气机用户手册
_c
250 _a初版
260 _a
_b万里书店
_c1965
300 _b
650 _a电力应用
942 _cBK
_o448.4 CTL
999 _c49043
_d49033